[Event "Oviedo op 8th"]
[Site "Oviedo"]
[Date "2022.07.20"]
[Round "5"]
[White "Diaz Hevia, Nicolas"]
[Black "Laseca Arana, Irati"]
[Result "1-0"]
[WhiteElo "1530"]
[BlackElo "1810"]
[PlyCount "95"]
[EventDate "2022.07.17"]
[EventType "swiss"]
[EventRounds "9"]
[EventCountry "ESP"]
[SourceTitle "CBM 209 Extra"]
[Source "ChessBase"]
[SourceDate "2022.09.30"]
[SourceVersion "1"]
[SourceVersionDate "2022.09.30"]
[SourceQuality "1"]

1. c4 e6 2. Nc3 Nf6 3. g3 Nc6 4. Bg2 Be7 5. e3 d5 6. cxd5 exd5 7. d4 Bb4 8. Nge2 0-0 9. 0-0 Ne7 10. a3 Bd6 11. b4 Bf5 12. Bb2 Qd7 13. Re1 a6 14. Qb3 c6 15. Na4 Qc7 16. Nc5 Nc8 17. f3 Bg6 18. Nc3 b6 19. N5a4 b5 20. Nc5 Nb6 21. e4 Bxc5 22. bxc5 Nc4 23. Re2 Qd7 24. e5 Ne8 25. Nd1 Nc7 26. Ne3 Ne6 27. Rf2 h6 28. f4 Bh7 29. f5 Ng5 30. h4 Ne4 31. Bxe4 dxe4 32. g4 h5 33. gxh5 Nxe3 34. Qxe3 Bxf5 35. h6 Bh7 36. Qg5 f5 37. exf6 e3 38. Qxe3 Rae8 39. Qg5 Re4 40. Rg2 Rf7 41. Kh2 Qf5 42. Rf1 Qxg5 43. hxg5 Bf5 44. hxg7 Re3 45. Rg3 Re4 46. Rg2 Rh4+ 47. Kg1 Be4 48. Rh2 1-0

[Event "Euskadi-ch"]
[Site "Zornotza"]
[Date "2017.04.22"]
[Round "6"]
[White "Laseca Arana, Irati"]
[Black "Sanchez Ruesga, Carlos"]
[Result "1-0"]
[WhiteElo "1823"]
[BlackElo "1948"]
[PlyCount "117"]
[EventDate "2017.04.17"]
[EventType "swiss"]
[EventRounds "7"]
[EventCountry "ESP"]
[SourceTitle "CBM 178 Extra"]
[Source "ChessBase"]
[SourceDate "2017.06.22"]
[SourceVersion "1"]
[SourceVersionDate "2017.06.22"]
[SourceQuality "1"]

1. b3 d5 2. Nf3 c6 3. Bb2 Bf5 4. e3 e6 5. g3 Nf6 6. Bg2 Bd6 7. 0-0 0-0 8. Nh4 Bg4 9. f3 Bh5 10. d3 Nbd7 11. Qe1 e5 12. Nd2 Re8 13. Nf5 Bc5 14. Kh1 Bg6 15. Nh4 Qb6 16. e4 Rad8 17. f4 Ng4 18. f5 Bh5 19. h3 Ne3 20. g4 Nxf1 21. Qxf1 Bf2 22. Nhf3 Nf6 23. Nxe5 Bg3 24. d4 dxe4 25. gxh5 Nxh5 26. Nec4 Qc7 27. Nxe4 Rxe4 28. Bxe4 Bh4 29. Qg2 Ng3+ 30. Kg1 Qf4 31. Nd2 Qe3+ 32. Kh2 Ne2 33. Rd1 Qf4+ 34. Kh1 Bf2 35. Qf3 Qh4 36. Qg4 Qxg4 37. hxg4 Bxd4 38. Nf1 Re8 39. Bxd4 Rxe4 40. Bxa7 h6 41. Kg2 Nc3 42. Rd4 Re2+ 43. Kf3 Rxc2 44. a4 Nd5 45. Rd3 Nb4 46. Rd8+ Kh7 47. Re8 Nd5 48. Bd4 c5 49. Be3 Rc3 50. Nd2 f6 51. a5 Rc1 52. Nc4 Rc3 53. Kf2 Rxb3 54. Nd6 Rb2+ 55. Kf3 Rb3 56. Nf7 Rxe3+ 57. Rxe3 Nxe3 58. Kxe3 g6 59. Nd6 1-0

[Event "Euskadi-ch"]
[Site "Zornotza"]
[Date "2017.04.20"]
[Round "4"]
[White "Gomez Fernandez, Fulgencio"]
[Black "Laseca Arana, Irati"]
[Result "0-1"]
[WhiteElo "1874"]
[BlackElo "1823"]
[PlyCount "44"]
[EventDate "2017.04.17"]
[EventType "swiss"]
[EventRounds "7"]
[EventCountry "ESP"]
[SourceTitle "CBM 178 Extra"]
[Source "ChessBase"]
[SourceDate "2017.06.22"]
[SourceVersion "1"]
[SourceVersionDate "2017.06.22"]
[SourceQuality "1"]

1. e4 c5 2. d4 cxd4 3. c3 d3 4. Bxd3 Nc6 5. Nf3 d6 6. Nd4 Nf6 7. 0-0 Bd7 8. Nd2 e6 9. Nc4 Nxd4 10. cxd4 d5 11. exd5 Nxd5 12. Qe2 Be7 13. Ne5 a6 14. Qh5 g6 15. Bxg6 fxg6 16. Nxg6 Nf6 17. Qh6 Rg8 18. Ne5 Bc6 19. Bg5 Qd5 20. Nf3 Rg6 21. Qh4 h6 22. Bxf6 Rxg2+ 0-1

[Event "Navarra-ch"]
[Site "Pamplona"]
[Date "2017.04.01"]
[Round "3"]
[White "Laseca Arana, Irati"]
[Black "Labiano Hernandez, Juan"]
[Result "1/2-1/2"]
[WhiteElo "1823"]
[BlackElo "1452"]
[PlyCount "94"]
[EventDate "2017.03.11"]
[EventType "swiss"]
[EventRounds "7"]
[EventCountry "ESP"]
[SourceTitle "EXT 2018"]
[Source "ChessBase"]
[SourceDate "2017.10.13"]
[SourceVersion "1"]
[SourceVersionDate "2017.10.13"]
[SourceQuality "1"]

1. b3 d5 2. Nf3 Nf6 3. Bb2 g6 4. Bxf6 exf6 5. d4 Bg7 6. e3 Nd7 7. c4 c6 8. Nbd2 f5 9. cxd5 cxd5 10. Bb5 0-0 11. Bxd7 Bxd7 12. 0-0 Rc8 13. Rc1 Qa5 14. a4 Rxc1 15. Qxc1 Rc8 16. Qb2 Qc3 17. Qxc3 Rxc3 18. Rb1 f6 19. Kf1 Bf8 20. Ke1 b5 21. axb5 Bxb5 22. Kd1 Bb4 23. Ne1 Kf7 24. Rb2 Ba3 25. Rc2 Bb4 26. Rxc3 Bxc3 27. Kc2 Bb4 28. Nd3 Bxd3+ 29. Kxd3 Ke6 30. Nb1 Be1 31. f3 Kd6 32. Na3 a6 33. Nc2 Ba5 34. b4 Bc7 35. Na3 Kc6 36. h3 Bd6 37. Kc3 a5 38. Nc2 Kb5 39. bxa5 Kxa5 40. Kb3 Kb5 41. Ne1 Bb4 42. Nc2 Bd6 43. Kc3 Ka4 44. Kd3 Kb3 45. g4 h5 46. gxh5 gxh5 47. f4 Bb4 1/2-1/2

[Event "Navarra-ch"]
[Site "Pamplona"]
[Date "2017.03.25"]
[Round "2"]
[White "Laseca Arana, Irati"]
[Black "Martin Fito, Angel Luis"]
[Result "0-1"]
[WhiteElo "1823"]
[BlackElo "1607"]
[PlyCount "64"]
[EventDate "2017.03.11"]
[EventType "swiss"]
[EventRounds "7"]
[EventCountry "ESP"]
[SourceTitle "EXT 2018"]
[Source "ChessBase"]
[SourceDate "2017.10.13"]
[SourceVersion "1"]
[SourceVersionDate "2017.10.13"]
[SourceQuality "1"]

1. e4 e5 2. Nc3 Nc6 3. Nf3 Nf6 4. Bc4 Bc5 5. d3 d6 6. 0-0 Bg4 7. Bb5 0-0 8. Be3 Nd4 9. Bxd4 Bxd4 10. Qc1 Bxf3 11. gxf3 Bxc3 12. bxc3 Nh5 13. Kh1 Nf4 14. Qe3 f5 15. Rg1 Qh4 16. exf5 Rxf5 17. Rg4 Qh6 18. Rag1 g6 19. R1g3 Rh5 20. h4 Rf8 21. Bc4+ Kh8 22. d4 Rff5 23. dxe5 Rxh4+ 24. Rxh4 Qxh4+ 25. Kg1 Rxe5 26. Rg4 Rxe3 27. Rxh4 Rxf3 28. Bb3 h5 29. c4 Kg7 30. Kf1 g5 31. Rh2 g4 32. Ke1 Rh3 0-1

[Event "Navarra-ch"]
[Site "Pamplona"]
[Date "2017.03.11"]
[Round "1"]
[White "Urriza Iricibar, Pablo"]
[Black "Laseca Arana, Irati"]
[Result "1-0"]
[WhiteElo "2174"]
[BlackElo "1823"]
[PlyCount "69"]
[EventDate "2017.03.11"]
[EventType "swiss"]
[EventRounds "7"]
[EventCountry "ESP"]
[SourceTitle "EXT 2018"]
[Source "ChessBase"]
[SourceDate "2017.10.13"]
[SourceVersion "1"]
[SourceVersionDate "2017.10.13"]
[SourceQuality "1"]

1. e4 e5 2. Nf3 Nc6 3. Bb5 Bc5 4. c3 Bb6 5. 0-0 Nge7 6. d3 0-0 7. Nbd2 d6 8. Nc4 Bg4 9. Nxb6 axb6 10. h3 Bh5 11. g4 Bg6 12. Qe2 h5 13. Nh4 hxg4 14. hxg4 Bh7 15. Kg2 d5 16. Rh1 Na7 17. Ba4 Nac8 18. Bb3 dxe4 19. dxe4 Nd6 20. f3 Qd7 21. Kg3 Qb5 22. c4 Qd7 23. Qh2 Nxe4+ 24. fxe4 Qd3+ 25. Nf3 Qxe4 26. Ng5 Qd3+ 27. Kf2 Qd4+ 28. Ke1 Rfd8 29. Qxh7+ Kf8 30. Qh8+ Ng8 31. Rf1 Ke7 32. Rxf7+ Kd6 33. Rf2 Qxg4 34. Qh2 Re8 35. Be3 1-0

[Event "Navarra-ch"]
[Site "Pamplona"]
[Date "2016.04.16"]
[Round "5"]
[White "Argaya Urdaniz, Miguel Angel"]
[Black "Laseca Arana, Irati"]
[Result "1/2-1/2"]
[WhiteElo "1976"]
[BlackElo "1700"]
[PlyCount "81"]
[EventDate "2016.03.05"]
[EventType "swiss"]
[EventRounds "8"]
[EventCountry "ESP"]
[SourceTitle "EXT 2018"]
[Source "ChessBase"]
[SourceDate "2017.10.13"]
[SourceVersion "1"]
[SourceVersionDate "2017.10.13"]
[SourceQuality "1"]

1. e4 c5 2. Nf3 Nf6 3. Nc3 d5 4. exd5 Nxd5 5. Bc4 e6 6. 0-0 Be7 7. d4 Nxc3 8. bxc3 0-0 9. Be3 Qc7 10. Bd3 Nd7 11. Ng5 Nf6 12. dxc5 Bxc5 13. Nxh7 Nxh7 14. Bxh7+ Kxh7 15. Qh5+ Kg8 16. Qxc5 Qxc5 17. Bxc5 Rd8 18. Rfd1 Rd7 19. Rd3 b6 20. Be3 e5 21. Rad1 Rc7 22. f4 Bf5 23. Rd8+ Rxd8 24. Rxd8+ Kh7 25. fxe5 Rxc3 26. Bf4 Rxc2 27. Rd2 Rc1+ 28. Kf2 Ra1 29. Ke3 Be6 30. g3 Rxa2 31. Rxa2 Bxa2 32. Kd4 Kg6 33. e6 Bxe6 34. Bb8 a5 35. Bc7 a4 36. Bxb6 a3 37. Kc3 Kf5 38. h4 a2 39. Kb2 Kg4 40. Bc7 f6 41. Bb8 1/2-1/2

[Event "Navarra-ch"]
[Site "Pamplona"]
[Date "2016.04.09"]
[Round "4"]
[White "Laseca Arana, Irati"]
[Black "Jimenez Almeida, Luis David"]
[Result "1/2-1/2"]
[WhiteElo "1700"]
[BlackElo "2179"]
[PlyCount "68"]
[EventDate "2016.03.05"]
[EventType "swiss"]
[EventRounds "8"]
[EventCountry "ESP"]
[SourceTitle "EXT 2018"]
[Source "ChessBase"]
[SourceDate "2017.10.13"]
[SourceVersion "1"]
[SourceVersionDate "2017.10.13"]
[SourceQuality "1"]

1. d4 g6 2. Nf3 Bg7 3. c4 c5 4. d5 d6 5. Nc3 Bxc3+ 6. bxc3 f5 7. g3 Qa5 8. Bd2 Nf6 9. Qc2 Nbd7 10. Bf4 Nb6 11. Nd2 Bd7 12. Bg5 Ng4 13. h4 h6 14. Bf4 0-0-0 15. f3 Nf6 16. e4 Nh5 17. e5 dxe5 18. Bxe5 Rhg8 19. Nb3 Ba4 20. Qb2 Nxc4 21. Bxc4 Qb6 22. Qa3 Bb5 23. Bxb5 Qxb5 24. Rd1 f4 25. Qxa7 Nxg3 26. Rd2 Nxh1 27. Nxc5 Rd6 28. Bxd6 exd6 29. Qa8+ Kc7 30. Ne6+ Kb6 31. Qxg8 Ng3 32. c4 Qb1+ 33. Rd1 Qb4+ 34. Rd2 Qb1+ 1/2-1/2

[Event "Navarra-ch"]
[Site "Pamplona"]
[Date "2016.03.05"]
[Round "1"]
[White "Cinza Lopez, Javier"]
[Black "Laseca Arana, Irati"]
[Result "0-1"]
[WhiteElo "1980"]
[BlackElo "1700"]
[PlyCount "112"]
[EventDate "2016.03.05"]
[EventType "swiss"]
[EventRounds "8"]
[EventCountry "ESP"]
[SourceTitle "EXT 2018"]
[Source "ChessBase"]
[SourceDate "2017.10.13"]
[SourceVersion "1"]
[SourceVersionDate "2017.10.13"]
[SourceQuality "1"]

1. g3 d5 2. Bg2 Nc6 3. d4 Bf5 4. Nf3 Nf6 5. 0-0 e6 6. c4 dxc4 7. a4 Nd5 8. Re1 Bxb1 9. Rxb1 c3 10. e4 Ncb4 11. Bg5 c2 12. Qd2 cxb1N 13. Rxb1 Nf6 14. e5 Ne4 15. Qe3 Nxg5 16. Nxg5 Nd5 17. Qd2 Be7 18. Ne4 0-0 19. h4 Rc8 20. b4 f5 21. exf6 Bxf6 22. Nc5 Qe8 23. Re1 Ne7 24. Bxb7 Rb8 25. Bg2 c6 26. Nxe6 Rf7 27. Bh3 Qd7 28. Re4 Qd6 29. Nc5 Kh8 30. Be6 Rff8 31. h5 Nd5 32. h6 Rbe8 33. hxg7+ Bxg7 34. Bxd5 Qxd5 35. Rh4 Qf5 36. b5 cxb5 37. axb5 Qb1+ 38. Kg2 Re1 39. Rf4 Rg1+ 40. Kh3 Rh1+ 41. Kg4 Qd1+ 42. Qxd1 Rxf4+ 43. Kxf4 Rxd1 44. Ne6 Bxd4 45. f3 Bb6 46. Ke5 Rb1 47. f4 Rxb5+ 48. Kd6 Rb3 49. g4 Be3 50. f5 Kg8 51. Ke5 Rb6 52. Nc7 Bg5 53. Ne8 a5 54. f6 Bxf6+ 55. Nxf6+ Rxf6 56. Kxf6 a4 0-1

[Event "ESP-ch U18"]
[Site "Salobrena"]
[Date "2015.07.31"]
[Round "8"]
[White "Laseca Arana, Irati"]
[Black "Soriano Gracia, Manuel"]
[Result "0-1"]
[WhiteElo "1597"]
[BlackElo "1844"]
[PlyCount "78"]
[EventDate "2015.07.27"]
[EventType "swiss"]
[EventRounds "9"]
[EventCountry "ESP"]
[SourceTitle "EXT 2016"]
[Source "ChessBase"]
[SourceDate "2015.10.08"]
[SourceVersion "1"]
[SourceVersionDate "2015.10.08"]
[SourceQuality "1"]

1. e4 e5 2. Nc3 Nc6 3. Bc4 Nf6 4. d3 Bc5 5. f4 d6 6. Nf3 a6 7. Ng5 Rf8 8. f5 h6 9. Nf3 Na5 10. Qe2 Nxc4 11. dxc4 Bd7 12. Bd2 Qe7 13. 0-0-0 0-0-0 14. h3 Ng8 15. g4 g6 16. Rhf1 Bc6 17. Qe1 Bd4 18. Nh4 g5 19. f6 Qe6 20. Nd5 gxh4 21. Qxh4 Bxd5 22. cxd5 Qd7 23. Rh1 c6 24. Bxh6 Nxh6 25. Qxh6 Rh8 26. Qd2 cxd5 27. exd5 Rh4 28. c3 Bb6 29. Qg2 Rdh8 30. Rd3 Qxg4 31. Rg3 Qf4+ 32. Kc2 Qxf6 33. Rf1 Rf4 34. Rg8+ Rxg8 35. Qxg8+ Kd7 36. Rxf4 Qxf4 37. h4 Qe4+ 38. Kb3 Qxd5+ 39. c4 Qd3+ 0-1

[Event "ESP-ch U18"]
[Site "Salobrena"]
[Date "2015.07.30"]
[Round "6"]
[White "Laseca Arana, Irati"]
[Black "Donadio Falcon, Pablo"]
[Result "1-0"]
[WhiteElo "1597"]
[BlackElo "1737"]
[PlyCount "77"]
[EventDate "2015.07.27"]
[EventType "swiss"]
[EventRounds "9"]
[EventCountry "ESP"]
[SourceTitle "EXT 2016"]
[Source "ChessBase"]
[SourceDate "2015.10.08"]
[SourceVersion "1"]
[SourceVersionDate "2015.10.08"]
[SourceQuality "1"]

1. e4 c5 2. Nf3 d6 3. d4 cxd4 4. Nxd4 Nf6 5. Nc3 a6 6. Bg5 e6 7. Qd2 Be7 8. Bd3 Qc7 9. 0-0 Nbd7 10. Kh1 b5 11. f4 Bb7 12. Rae1 Rc8 13. Qe2 Qb6 14. Nf3 b4 15. Na4 Qc6 16. b3 e5 17. Nb2 h6 18. Bh4 exf4 19. Nd4 Qc5 20. Bf2 Qc7 21. Nf5 g6 22. Nxe7 Kxe7 23. Bd4 Ne5 24. Rxf4 Nh5 25. Rf2 f6 26. Nc4 Rcf8 27. Ne3 Qc8 28. Nd5+ Kf7 29. Nxb4 a5 30. Nd5 Kg7 31. Ref1 Ng4 32. Rf3 Ne5 33. Bxe5 fxe5 34. g4 Qxg4 35. Rf7+ Rxf7 36. Rxf7+ Kxf7 37. Qxg4 Rd8 38. Bc4 Ke8 39. Kg2 1-0

[Event "ESP-ch U18"]
[Site "Salobrena"]
[Date "2015.07.27"]
[Round "1"]
[White "Laseca Arana, Irati"]
[Black "Rivas Diaz, Pablo"]
[Result "0-1"]
[WhiteElo "1597"]
[BlackElo "2029"]
[PlyCount "86"]
[EventDate "2015.07.27"]
[EventType "swiss"]
[EventRounds "9"]
[EventCountry "ESP"]
[SourceTitle "EXT 2016"]
[Source "ChessBase"]
[SourceDate "2015.10.08"]
[SourceVersion "1"]
[SourceVersionDate "2015.10.08"]
[SourceQuality "1"]

1. e4 c5 2. Nf3 d6 3. d4 cxd4 4. Nxd4 Nf6 5. Nc3 g6 6. Be3 Bg7 7. f3 0-0 8. Qd2 Nc6 9. 0-0-0 d5 10. exd5 Nxd5 11. Nxc6 bxc6 12. Bh6 Nxc3 13. Bxg7 Nxa2+ 14. Kb1 Qxd2 15. Rxd2 Kxg7 16. Kxa2 Be6+ 17. Kb1 Rfd8 18. Bd3 Rd4 19. Re2 c5 20. Rhe1 Rad8 21. Re4 Kf6 22. Kc1 h5 23. Kd2 Rxe4 24. fxe4 c4 25. Ra1 Rd7 26. Ke3 cxd3 27. cxd3 Rb7 28. Rf1+ Kg7 29. Rf2 g5 30. Kd4 Rb5 31. g3 Kg6 32. h4 f6 33. Ke3 Rb3 34. Kd4 Bf7 35. Ke3 Bc4 36. Rd2 e5 37. Rd1 Bb5 38. Rd2 f5 39. exf5+ Kxf5 40. Rf2+ Kg4 41. hxg5 Bxd3 42. Rd2 Bf5+ 43. Kf2 Rxg3 0-1

[Event "Euskadi-ch qual B (Women)"]
[Site "Bilbao"]
[Date "2015.06.27"]
[Round "1.1"]
[White "Apellaniz Perez, Estibaliz"]
[Black "Laseca Arana, Irati"]
[Result "0-1"]
[WhiteElo "1571"]
[BlackElo "1761"]
[PlyCount "102"]
[EventDate "2015.06.27"]
[EventType "tourn"]
[EventRounds "3"]
[EventCountry "ESP"]
[SourceTitle "EXT 2024"]
[Source "ChessBase"]
[SourceDate "2023.10.10"]
[SourceVersion "1"]
[SourceVersionDate "2023.10.10"]
[SourceQuality "1"]

1. e4 c5 2. c3 d5 3. exd5 Qxd5 4. Nf3 Nf6 5. d3 Nc6 6. Be3 Bg4 7. Be2 e6 8. 0-0 Be7 9. h3 Bh5 10. Nbd2 0-0 11. a4 Rfd8 12. Re1 Rac8 13. Nc4 Bxf3 14. Bxf3 Qxd3 15. Qb3 Qd7 16. Bf4 Nd5 17. Rad1 b6 18. Ne3 Na5 19. Qa3 c4 20. Qa2 Bc5 21. b4 cxb3 22. Qa1 Bxe3 23. Bxe3 Qc6 24. Qb2 Qxc3 25. Bd4 Qxb2 26. Bxb2 Nc4 27. Rb1 Nd2 28. Rbd1 Nxf3+ 29. gxf3 Rc2 30. Rb1 Nc3 31. Bxc3 Rxc3 32. Rb2 Rxf3 33. Kg2 Rc3 34. Ree2 Rd4 35. Kh2 Rxa4 36. Red2 g6 37. Kg2 Rb4 38. Kh2 a5 39. Rd1 Rc2 40. Rdb1 Rxb2 41. Rxb2 a4 42. Kg2 a3 43. Rd2 b2 44. Rd1 b1Q 45. Rxb1 Rxb1 46. Kf3 a2 47. Kg4 a1Q 48. Kg5 Qe5+ 49. Kg4 Rg1+ 50. Kf3 Qf5+ 51. Ke3 Re1+ 0-1

[Event "Euskadi-ch qual B (Women)"]
[Site "Bilbao"]
[Date "2015.06.27"]
[Round "2.1"]
[White "Laseca Arana, Irati"]
[Black "Barrio Ugidos, Ainhoa"]
[Result "0-1"]
[WhiteElo "1761"]
[BlackElo "1926"]
[PlyCount "52"]
[EventDate "2015.06.27"]
[EventType "tourn"]
[EventRounds "3"]
[EventCountry "ESP"]
[SourceTitle "EXT 2024"]
[Source "ChessBase"]
[SourceDate "2023.10.10"]
[SourceVersion "1"]
[SourceVersionDate "2023.10.10"]
[SourceQuality "1"]

1. d4 Nf6 2. Nf3 d5 3. e3 Bf5 4. Nh4 Bg4 5. f3 Bh5 6. g4 Bg6 7. Nxg6 hxg6 8. Bd3 e6 9. Nd2 Bd6 10. Nf1 Nc6 11. Bd2 e5 12. Qe2 Qe7 13. Bb5 a6 14. Ba4 b5 15. Bb3 g5 16. c3 Kf8 17. Ng3 g6 18. dxe5 Nxe5 19. Kf2 c5 20. e4 dxe4 21. Nxe4 Nfxg4+ 22. fxg4 Nxg4+ 23. Kg2 Qe5 24. Kg1 Re8 25. Rf1 c4 26. Qf3 Rh7 0-1

[Event "Euskadi-ch qual B (Women)"]
[Site "Bilbao"]
[Date "2015.06.27"]
[Round "3.1"]
[White "Saez De Jauregui Suso, Maria Jesus"]
[Black "Laseca Arana, Irati"]
[Result "0-1"]
[WhiteElo "1599"]
[BlackElo "1761"]
[PlyCount "130"]
[EventDate "2015.06.27"]
[EventType "tourn"]
[EventRounds "3"]
[EventCountry "ESP"]
[SourceTitle "EXT 2024"]
[Source "ChessBase"]
[SourceDate "2023.10.10"]
[SourceVersion "1"]
[SourceVersionDate "2023.10.10"]
[SourceQuality "1"]

1. e4 c5 2. f4 e6 3. Nf3 Nc6 4. g3 d5 5. exd5 exd5 6. Qe2+ Be7 7. Bg2 Nf6 8. d3 0-0 9. 0-0 Re8 10. Qd1 Bg4 11. Be3 Qd7 12. Nbd2 Bh3 13. Re1 Bxg2 14. Kxg2 Bd6 15. c3 Re7 16. Bf2 Rxe1 17. Qxe1 Re8 18. Qf1 Ng4 19. Re1 b6 20. Rxe8+ Qxe8 21. Qe1 Qxe1 22. Nxe1 d4 23. Ne4 Be7 24. Bg1 Nf6 25. Kf3 Nxe4 26. Kxe4 dxc3 27. bxc3 Bf6 28. d4 cxd4 29. cxd4 Kf8 30. Nc2 Ke7 31. Kd3 Kd7 32. Bf2 Bd8 33. Be1 a5 34. Bc3 Ne7 35. Ke4 f5+ 36. Kd3 Nd5 37. Bd2 Kc6 38. Na3 b5 39. Be1 Bc7 40. Bd2 Bd6 41. Nc2 b4 42. Kc4 Nb6+ 43. Kd3 Nd5 44. Kc4 Nb6+ 45. Kd3 Nd5 46. Be1 Kb5 47. Bd2 a4 48. Ne3 Nxe3 49. Bxe3 b3 50. axb3 axb3 51. Kc3 Ka4 52. Bc1 Ba3 53. Bb2 Bxb2+ 54. Kxb2 Kb4 55. d5 Kc5 56. d6 Kxd6 57. Kxb3 Kd5 58. Kc3 Ke4 59. Kc4 Kf3 60. Kd4 Kg2 61. Ke5 g6 62. Kf6 Kxh2 63. Kg7 Kxg3 64. Kxh7 Kxf4 65. Kxg6 Kg4 0-1

[Event "Pamplona Puente Foral op"]
[Site "Pamplona"]
[Date "2014.12.06"]
[Round "4"]
[White "De Pablos Fernandez, Mariano"]
[Black "Laseca Arana, Irati"]
[Result "1-0"]
[WhiteElo "1963"]
[BlackElo "1634"]
[PlyCount "91"]
[EventDate "2014.12.03"]
[EventType "swiss"]
[EventRounds "7"]
[EventCountry "ESP"]
[SourceTitle "CBM 163 Extra"]
[Source "ChessBase"]
[SourceDate "2014.12.23"]
[SourceVersion "1"]
[SourceVersionDate "2014.12.23"]
[SourceQuality "1"]

1. d4 d5 2. Nf3 e6 3. Bg5 Nf6 4. e3 c5 5. c3 Bd6 6. Nbd2 cxd4 7. exd4 b6 8. Bd3 0-0 9. Qe2 a5 10. 0-0 Ba6 11. Ne5 Bxd3 12. Qxd3 Be7 13. f4 Nfd7 14. Bxe7 Qxe7 15. Ndf3 f5 16. Rac1 Nf6 17. Rc2 Nbd7 18. Qb5 Qd6 19. Re1 h6 20. Rce2 Rfe8 21. g3 Rad8 22. Nd2 Ne4 23. Nxe4 dxe4 24. Nxd7 Rxd7 25. Kf2 Rb8 26. Qe5 Rc8 27. Qxd6 Rxd6 28. Ke3 Kf7 29. Rd2 b5 30. Rc2 Kf6 31. Rec1 Rdc6 32. b3 Ke7 33. c4 Kd6 34. c5+ Kd5 35. Rg1 h5 36. h3 Rh8 37. Rcg2 Rc7 38. g4 hxg4 39. hxg4 Rh3+ 40. Rg3 Rxg3+ 41. Rxg3 g6 42. gxf5 gxf5 43. Rg8 Ra7 44. Rd8+ Kc6 45. Rd6+ Kc7 46. Rxe6 1-0

[Event "Navarra-ch"]
[Site "Pamplona"]
[Date "2014.05.03"]
[Round "4"]
[White "Apesteguia Domaica, Jose Antonio"]
[Black "Laseca Arana, Irati"]
[Result "0-1"]
[WhiteElo "1884"]
[BlackElo "1652"]
[PlyCount "96"]
[EventDate "2014.03.29"]
[EventType "swiss"]
[EventRounds "8"]
[EventCountry "ESP"]
[SourceTitle "EXT 2016"]
[Source "ChessBase"]
[SourceDate "2015.10.08"]
[SourceVersion "1"]
[SourceVersionDate "2015.10.08"]
[SourceQuality "1"]

1. d4 d5 2. c4 e6 3. Nc3 c5 4. Nf3 cxd4 5. Nxd4 e5 6. Nf3 d4 7. Nd5 Nf6 8. Nxf6+ Qxf6 9. e3 dxe3 10. Bxe3 Bb4+ 11. Nd2 0-0 12. a3 Bxd2+ 13. Qxd2 Rd8 14. Qc3 Bf5 15. Be2 Qg6 16. g3 Be4 17. 0-0 Nc6 18. Rfd1 h5 19. b4 Qf6 20. Bxh5 Nd4 21. Bxd4 exd4 22. Qd2 Qc6 23. Qf4 g6 24. f3 Bc2 25. Rd2 Qxc4 26. Bg4 Bb3 27. Re1 a5 28. bxa5 Rxa5 29. Bh3 Rxa3 30. Bf1 Qc5 31. Re5 Qc3 32. Re4 d3 33. Qh6 Ra1 34. Rh4 Qg7 35. Qg5 Raa8 36. Rxd3 Rxd3 37. Bxd3 Be6 38. Qb5 Qa1+ 39. Kf2 Qa2+ 40. Ke3 Qa7+ 41. Ke2 Qa2+ 42. Ke3 Bd5 43. Rd4 Bc6 44. Qg5 Re8+ 45. Be4 Qb3+ 46. Rd3 Qc4 47. Qh4 f5 48. Qf6 Qf7 0-1

[Event "Navarra-ch"]
[Site "Pamplona"]
[Date "2014.03.29"]
[Round "1"]
[White "Laseca Arana, Irati"]
[Black "Jimenez Almeida, Luis David"]
[Result "0-1"]
[WhiteElo "1652"]
[BlackElo "2024"]
[PlyCount "136"]
[EventDate "2014.03.29"]
[EventType "swiss"]
[EventRounds "8"]
[EventCountry "ESP"]
[SourceTitle "EXT 2016"]
[Source "ChessBase"]
[SourceDate "2015.10.08"]
[SourceVersion "1"]
[SourceVersionDate "2015.10.08"]
[SourceQuality "1"]

1. e4 c5 2. Nf3 Nc6 3. d4 cxd4 4. Nxd4 e5 5. Nb3 Nf6 6. Nc3 Bb4 7. Bg5 h6 8. Bxf6 Qxf6 9. Bc4 Bxc3+ 10. bxc3 0-0 11. 0-0 d6 12. Re1 Be6 13. Bd5 Rac8 14. Re3 Rfd8 15. Nc1 Na5 16. Rd3 b6 17. Ne2 Nc4 18. Rb1 Rc5 19. Ng3 g6 20. Nf1 b5 21. Rf3 Qe7 22. Rd3 Qf6 23. Rf3 Qe7 24. Rd3 Bxd5 25. Rxd5 Nb6 26. Rxc5 dxc5 27. Qc1 Qe6 28. Ne3 a6 29. a3 f5 30. exf5 gxf5 31. h3 f4 32. Nf1 Kh8 33. Nd2 Nd5 34. Qe1 Rg8 35. Kh2 Nxc3 36. Rb3 Nd5 37. Qe4 Nf6 38. Qf3 c4 39. Rb1 Qd5 40. Qxd5 Nxd5 41. Ne4 Ne7 42. Rd1 Rg6 43. Rd7 Nf5 44. Rd5 Nh4 45. g3 Nf3+ 46. Kh1 fxg3 47. fxg3 Nd4 48. c3 Nc2 49. a4 Rb6 50. a5 Re6 51. Kg1 Ne3 52. Rd7 Rc6 53. Kf2 Nc2 54. Rd5 Na1 55. Nd2 Nb3 56. Ke2 Nxd2 57. Kxd2 Re6 58. Ke3 Kg7 59. Ke4 Kf6 60. Rd8 Ke7 61. Rd5 Kf6 62. Rd8 Kf7 63. Rd5 Rg6 64. g4 Re6 65. Kf5 Re7 66. Rd6 e4 67. Rd2 b4 68. cxb4 e3 0-1

[Event "Pamplona Navarra Preferente op"]
[Site "Pamplona"]
[Date "2013.05.11"]
[Round "5"]
[White "Oyaga Valencia, Jesus Maria"]
[Black "Laseca Arana, Irati"]
[Result "0-1"]
[WhiteElo "1752"]
[BlackElo "1595"]
[PlyCount "104"]
[EventDate "2013.04.13"]
[EventType "swiss"]
[EventRounds "7"]
[EventCountry "ESP"]
[SourceTitle "CBM 154 Extra"]
[Source "ChessBase"]
[SourceDate "2013.06.25"]
[SourceVersion "2"]
[SourceVersionDate "2013.06.25"]
[SourceQuality "1"]

1. e4 c5 2. Nf3 e6 3. d4 cxd4 4. Nxd4 Nf6 5. Nc3 Nc6 6. Be3 Bb4 7. Bd3 Qa5 8. 0-0 0-0 9. Ndb5 a6 10. a3 Be7 11. b4 Qd8 12. Nd4 Qc7 13. Nce2 d5 14. Nxc6 bxc6 15. Ng3 Rd8 16. Qf3 d4 17. Bg5 e5 18. Bxf6 Bxf6 19. Nh5 Qe7 20. Nxf6+ Qxf6 21. Qxf6 gxf6 22. f4 Be6 23. Rf3 Kh8 24. f5 Bc8 25. Bc4 Ra7 26. Rd1 Rad7 27. Rdd3 Bb7 28. Rh3 Rg8 29. Rh4 Kg7 30. Rdh3 Kf8 31. Rxh7 c5 32. R7h4 cxb4 33. axb4 Rc7 34. Bb3 Rg7 35. Kf2 Ke7 36. Kf3 Rc3+ 37. Kf2 Rxh3 38. gxh3 Bc6 39. Bc4 Bb7 40. Bd3 Rg8 41. Rh7 Kf8 42. Kf3 Rg1 43. Rh8+ Rg8 44. Rxg8+ Kxg8 45. Ke2 Kg7 46. Kd2 Kh6 47. c3 dxc3+ 48. Kxc3 Kg5 49. Kc4 Kf4 50. h4 Bxe4 51. h5 Bxd3+ 52. Kxd3 Kg5 0-1

[Event "Pamplona Navarra Preferente op"]
[Site "Pamplona"]
[Date "2013.04.27"]
[Round "3"]
[White "Laseca Arana, Irati"]
[Black "Ruiz Escobar, Rafael"]
[Result "0-1"]
[WhiteElo "1595"]
[BlackElo "1933"]
[PlyCount "64"]
[EventDate "2013.04.13"]
[EventType "swiss"]
[EventRounds "7"]
[EventCountry "ESP"]
[SourceTitle "CBM 154 Extra"]
[Source "ChessBase"]
[SourceDate "2013.06.25"]
[SourceVersion "2"]
[SourceVersionDate "2013.06.25"]
[SourceQuality "1"]

1. e4 b6 2. d4 Bb7 3. Nc3 e6 4. Bd3 d6 5. Nf3 Nd7 6. Bg5 Be7 7. Qd2 a6 8. d5 e5 9. Be3 Ngf6 10. h3 Nc5 11. Ng1 b5 12. b4 Nxd3+ 13. Qxd3 0-0 14. Nge2 c5 15. bxc5 dxc5 16. Ng3 g6 17. Bh6 Re8 18. Qf3 Bc8 19. Nd1 Nd7 20. Ne3 Qa5+ 21. Kf1 Qb6 22. h4 Qf6 23. Qe2 Nb6 24. Ng4 Qd6 25. Qf3 Nc4 26. Rd1 Ra7 27. h5 Bxg4 28. Qxg4 Qf6 29. Rd3 Bf8 30. Rf3 Qb6 31. Nf5 Kh8 32. Kg1 gxf5 0-1